La Filmographie de Chris Evans - Statistiques

Statistiques générales
  • Ce quiz a été pris 85 fois
  • Le résultat moyen est 10 sur 48
Statistiques - réponses
Années Films/Séries % Correct
2012 Avengers
94%
2019 Avengers: Endgame
79%
2018 Avengers: Infinity War
73%
2015 Avengers: L'Ere d'Ultron
73%
2016 Captain America: Civil War
69%
2011 Captain America: First Avenger
67%
2014 Captain America: Le Soldat de l'hiver
63%
2005 Les Quatre Fantastique
46%
2019 A couteaux tirés
38%
2022 The Gray Man
37%
2017 Mary
29%
2017 Spider-Man: Homecoming
25%
2015 Ant-Man
19%
2007 Les Quatre Fantastiques et le Surfer d'argent
19%
2021 Free Guy
17%
2001 Sex Academy
17%
2019 Captain Marvel
15%
2011 Sex List
15%
2022 Buzz l'Eclair
13%
2015 Before We Go
12%
2007 Le Journal d'une baby-sitter
12%
2019 Opération brothers
12%
2010 Scott Pilgrim
12%
2013 Snowpiercer, le Transperceneige
12%
2013 The Iceman
12%
2013 Thor: Le Monde des ténèbres
12%
2015 Agent Carter
10%
2004 Cellular
10%
2004 Les Notes parfaites
10%
2005 London
10%
2007 Sunshine
10%
2010 The Losers
10%
2008 Au bout de la nuit
8%
2020 Défendre Jacob
8%
2011 Puncture
8%
2008 Push
8%
2000 The Newcomers
8%
2014 Comment séduire une amie
6%
2005 Des gens impitoyables
6%
2021 Don't Look Up: Déni cosmique
6%
2008 The Loss of a Teardrop Diamond
6%
2007 TMNT: Les Tortues Ninja
6%
2001 Boston Public
4%
2000 Le Fugitif
4%
2000 Opposite Sex
4%
2007 Battle for Terra
2%
2002 Eastwick
0%
2020 Scott Pilgrim vs. the World Water Crisis
0%
Aucun quiz correspondant
Distribution des résultats
% des personnes avec chaque résultat
Percentile par nombre de réponses
Votre historique - résultats
Vous n’avez pas pris ce quiz